Games by Pictures - Statistics

General Stats
  • This quiz has been taken 23 times
  • The average score is 20 of 50
Answer Stats
Picture Answer % Correct
Minecraft
100%
Fall Guys
90%
Five Nights at Freddy
86%
Fortnite
86%
Assassin's Creed
81%
Counter Strike
81%
Mario
76%
Subway surfers
76%
Temple Run
76%
The Legend of Zelda
76%
Talking Tom
71%
Clash of Clans
67%
Among us
62%
Grand Theft Auto
62%
HALO
62%
Call of Duty
57%
Clash Royale
57%
Elden Ring
52%
Pokemon
48%
Pou
48%
Granny
43%
Overwatch
38%
Hello Neighbor
33%
Red Dead Redemption
33%
Resident Evil
33%
Silent Hill
29%
The Sims
29%
Human Fall Flat
24%
Sea of the Thieves
24%
The Forest
24%
The Walking Dead
24%
Where's My Water
24%
Apex Legends
19%
Genshin Impact
19%
Overcooked
19%
Dota 2
14%
Fallout
14%
Valorant
14%
God of War
10%
Little Nightmare
10%
Mortal Kombat
10%
Raft
10%
Roblox
10%
Sonic
10%
Battlefield
5%
League of Legends
5%
Mobile Legends
5%
Phasmophobia
5%
Plague Tale
5%
Poppy Playtime
5%
No matching quizzes found
Score Distribution
Percent of People with Each Score
Percentile by Number Answered
Your Score History
You have not taken this quiz